LEADER 00935nam2-22003011i-450- 001 990000167690403321 035 $a000016769 035 $aFED01000016769 035 $a(Aleph)000016769FED01 035 $a000016769 100 $a20011111d--------km-y0itay50------ba 101 0 $aita 105 $ay-------001yy 200 1 $aAtlas. 62 tav. : ill. 210 $aParis$cCarilian-Goeury et V. Dalmont$ds.a. 215 $av.$d62 cm 461 0$1001000012798$12001$aMémoire sur la meunerie, la boulangerie et la conservation des grains et des farines contenant la description desprocedes, machines et appareils appliquée jusqu'à ce jour... 610 0 $aGrano$aMacinazione 610 0 $aMolini 676 $a664.72 700 1$aRollet,$bAugustin 801 0$aIT$bUNINA$gRICA$2UNIMARC 901 $aBK 912 $a990000167690403321 952 $a13 AR 7 B 31$b7584$fFINBC 959 $aFINBC 997 $aUNINA DB $aING01 LEADER 00833nam2-22002771i-450- 001 990007580540403321 005 20061127142126.0 035 $a000758054 035 $aFED01000758054 035 $a(Aleph)000758054FED01 035 $a000758054 100 $a20030814d1987----km-y0itay50------ba 101 0 $aita 102 $aIT 105 $ay-------001yy 200 1 $aComportamento e percezione dello spazio ambientale$edalla Behavioral Revolution al Paradigma umanistico$fElisa Bianchi 215 $av. 1, p. 543-598 463 0$1001000745953 610 0 $aGeografia del comportamento 700 1$aBianchi,$bElisa$f<1949- >$079167 801 0$aIT$bUNINA$gRICA$2UNIMARC 901 $aAN 912 $a990007580540403321 959 $aILFGE 996 $aComportamento e percezione dello spazio ambientale$9685481 997 $aUNINA